| 000 | 01178nam a2200325 a 4500 | ||
|---|---|---|---|
| 001 | BRCA_8654 | ||
| 003 | FranzMayer | ||
| 005 | 20230811114446.0 | ||
| 008 | 051016s1848----uk-a######---#000-0#eng-# | ||
| 040 |
_aMFM _bespañol _cMFM |
||
| 041 | _aeng | ||
| 044 | _aUk | ||
| 050 | 4 |
_aF1213 _b.P56 |
|
| 100 | 1 |
_aPhillips, John _921587 |
|
| 245 | 1 | 0 |
_aMexico illustrated _bwith descriptive letter press in english an spanish _cJohn Phillips. |
| 260 |
_aLondon _bE. Atchley _c1848 |
||
| 300 |
_a1 vol. (sin paginación) _bil. _c57 cm |
||
| 500 | _aFondo antiguo | ||
| 500 | _aSe encuentra en Caja Fuerte | ||
| 500 | _aW-9/B-92/R-30 | ||
| 500 | _aContiene 26 láminas con grabados de los lugares y estados representativos de México | ||
| 500 | _aEstado físico: hojas sueltas, encuadernación deteriorada | ||
| 500 | _aNota de encuadernación: tela sobre cartón, escudo de México en la tapa | ||
| 506 | 0 | _aFondo reservado: para su consulta es necesario credencial de usuario y carta de motivos | |
| 546 | _aTexto en inglés y español | ||
| 650 | 1 | 4 |
_aVistas aeréas _zMéxico _921588 |
| 650 | 1 | 4 |
_aLibros de láminas _zMéxico _921589 |
| 902 | _aLAR | ||
| 942 |
_2lcc _cB |
||
| 999 |
_c8313 _d8313 |
||